MARC

LEADER 00000nbm0a2200000 4500
001 178419
005 20231031165901.0
035 |a (RuTPU)RU\TPU\book\193420 
090 |a 178419 
100 |a 20100407d1962 k y0rusy50 ca 
101 0 |a rus 
102 |a RU 
105 |a a p 001zy 
200 1 |a Отчет-справка геологической проблемной лаборатории о научно-исследовательской работе за 1961 год  |e Отчет о НИР  |f Томский политехнический институт (ТПИ) ; И. В. Лебедев 
210 |a Томск  |d 1962 
215 |a 16 л. 
320 |a Библиогр. в тексте 
610 1 |a стратиграфия 
610 1 |a Сибирь 
610 1 |a геологическая разведка 
610 1 |a гидрогеохимия 
610 1 |a тектоника 
610 1 |a Кузбасс 
610 1 |a поисково-разведочные работы 
610 1 |a палеонтология 
610 1 |a корреляции 
610 1 |a отложения 
610 1 |a горные породы 
610 1 |a исследования 
610 1 |a отчеты о НИР 
610 1 |a труды учёных ТПУ 
675 |a 6.022(04)  |v 3 
702 1 |a Лебедев  |b И. В.  |c российский ученый, геолог  |c профессор кафедры горючих ископаемых Томского политехнического университета  |f 1909-2002  |g Иван Викторович  |2 stltpush  |3 (RuTPU)RU\TPU\pers\19831 
712 0 2 |a Томский политехнический институт (ТПИ)  |c (1944-1991)  |2 stltpush  |3 (RuTPU)RU\TPU\col\1123  |4 595 
801 1 |a RU  |b 63413507  |c 20100407 
801 2 |a RU  |b 63413507  |c 20100408  |g RCR 
942 |c BK